| 000 | 00448cam a2200157 4500 | ||
|---|---|---|---|
| 001 | 7903 | ||
| 005 | 20250613144929.0 | ||
| 008 | 981025t19981998iluab b 000 0 eng c | ||
| 020 | _a9781785334269 | ||
| 022 | _a9781785334269 | ||
| 100 | 1 | _aPower,Camilla | |
| 245 | 1 | 0 |
_aHuman origins : _bcontributions from Social Anthropology. |
| 264 | 1 |
_aNew York. _bBerghahn _c2017 |
|
| 300 |
_avii,337 pages : _billustrations, maps ; _c28 cm |
||
| 942 |
_2ddc _cMAIN |
||
| 999 |
_c10371 _d10372 |
||